000 00819nam a2200157Ia 4500
008 210719s2003 xx 000 0 und d
041 _aeng
082 _a620.8 DSOB
100 _aDSOUZA (L);ANURADHA (M);HEGDE (Smitha);NIVAS (Shashikiran);RAJENDRA (K)
245 _aBiotechnology challenges and prospects
_bProceedings of the national seminar commemorating the silver jubilee of the laboratory of applied biology St Aloysius College Mangalore
260 _aMangalore
_bLaboratory of applied biology, St. Aloysius College
_c2003
300 _a248
_bPB
650 _aBiotechnology
650 _aBiotechnology
906 _aAloysius ; and ; applied ; biology ; Biotechnology ; challenges ; College ; commemorating ; jubilee ; laboratory ; Mangalore ; national ; of ; Proceedings ; prospects ; seminar ; silver ; St ; the
999 _c214580
_d214580